00370nam a2200157Ia 4500008004000000041000800040082001200048100001700060245003900077260003500116300001300151650000900164650001300173650001700186650000900203210210b1937 xxu||||| |||| 00| 0 eng d aeng a531/128 aTAYLOR (H J) aPhysics: an introductory text book aLondonbHumphrey Milfordc1937 aviii,448 atext aPhysics: aintroductory abook